1757 1884 1844 1303 1938 1386 1816 1404 1149 1670 1430 1589 1014 1389 1275 1439 1623 1375 1969 1729 1101 1386 1421 1104 1986 1217 1449 1260 1619 1744 1503 1927 1506 1592 1980 1381 1436 1997 1556 1426 1876 1958 1449 1788 1868 1963 1716 1497 1191 1696 1409 1250 1844 1702 1349 1943 1771 1550 1118 1287 1870 1357 1139 1807 1943 1500 1580 1196 1998 1823 1026 1571 1666 1017 1458 1770 1555 1913 1980 1023 1223 1273 1274 1226 1368 1618 1814 1192 1310 1263 1514 1095 1158 1762 1729 1060 1309 1755 1804 BCNSPRNW ULIB Ver.6.0+V

เปลี่ยนเป็นภาษาไทย

Change to English
 แสดงรายละเอียดบรรณานุกรม
  กลับหน้าหลัก

Brief Record : Get Marc (ISO 2709) : E-mail record : QR code < ปิดหน้าต่าง
LEADER : 00000nam 2200000uu 4500
001    13399114098
003     ULIB
008    110627s||||||||th 000 0 tha d
020    9789742556679
090    นว.^bอ997ง 2550
100 0  ไอริณ
245 00 เงาริษยา/^cไอริณ
250    พิมพ์ครั้งที่ 1
260    กรุงเทพฯ :^bศิลปาบรรณาคาร,^c2550
300    455 หน้า
710 1  ศิลปาบรรณาคาร
945    ^p300^l0^i022026
995    ทศพร
999 ^a ใช้งานได้ทุกระบบ
รายการนี้ยังไม่มีแท็ก
คุณยังไม่ได้ล็อกอิน คุณสามารถมีกิจกรรมร่วมกับเว็บไซต์ได้ แต่ต้องล็อกอินก่อน ::
  ล็อกอิน

รายการสื่อสารสนเทศ

ลำดับที่ ประเภท เลขเรียก/บาร์โค้ด สถานที่ สถานะ
1. นวนิยาย
นวนิยาย
นว. อ997ง 2550 ฉ.1 
  Barcode: 022026
ห้องสมุดวิทยาเขตสวรรค์ประชารักษ์
►นวนิยาย
บนชั้น
  ขอยืม

รายการใกล้เคียง
    ผู้แต่ง [ไอริณ]

BibComment


ยังไม่เคยถูกคอมเมนท์

คอมเมนท์ทรัพยากรรายการนี้
  คอมเมนท์: เงาริษยา ไอริณ


 Copyright 2026. Bcnsprnw @Library